Athlètes Français par Images - Athlétisme #2 - Statistiques

Statistiques générales
  • Ce quiz a été pris 39 fois
  • Le résultat moyen est 9 sur 20
Statistiques - réponses
Par images Réponse % Correct
Christophe Lemaître
92%
Renaud Lavillenie
92%
Jimmy Gressier
78%
Mélina Robert Michon
73%
Gabriel Tual
68%
Stéphane Diagana
68%
Cyréna Samba Mayela
59%
Jimmy Vicaut
57%
Ladji Doucouré
51%
Floria Gueï
43%
Quentin Bigot
38%
Mahiedine Mekhissi Benabad
35%
Alain Mimoun
32%
Colette Besson
27%
Christine Arron
24%
Nantenin Keïta
22%
Eunice Barber
19%
Pierre Fairbank
8%
Charles Antoine Kouakou
3%
Assia El Hannouni
0%
Aucun quiz correspondant
Distribution des résultats
% des personnes avec chaque résultat
Percentile par nombre de réponses
Votre historique - résultats
Vous n’avez pas pris ce quiz